<?xml version="1.0" encoding="UTF-8"?><?xml-stylesheet type="text/xsl" href="static/style.xsl"?><OAI-PMH xmlns="http://www.openarchives.org/OAI/2.0/" xmlns:xsi="http://www.w3.org/2001/XMLSchema-instance" xsi:schemaLocation="http://www.openarchives.org/OAI/2.0/ http://www.openarchives.org/OAI/2.0/OAI-PMH.xsd"><responseDate>2026-04-17T18:51:02Z</responseDate><request verb="GetRecord" identifier="oai:www.recercat.cat:20.500.12327/4663" metadataPrefix="marc">https://recercat.cat/oai/request</request><GetRecord><record><header><identifier>oai:recercat.cat:20.500.12327/4663</identifier><datestamp>2025-10-22T11:02:50Z</datestamp><setSpec>com_2072_4428</setSpec><setSpec>com_2072_4427</setSpec><setSpec>col_2072_487898</setSpec></header><metadata><record xmlns="http://www.loc.gov/MARC21/slim" xmlns:dcterms="http://purl.org/dc/terms/" xmlns:xsi="http://www.w3.org/2001/XMLSchema-instance" xmlns:doc="http://www.lyncode.com/xoai" xsi:schemaLocation="http://www.loc.gov/MARC21/slim http://www.loc.gov/standards/marcxml/schema/MARC21slim.xsd">
   <leader>00925njm 22002777a 4500</leader>
   <datafield ind2=" " ind1=" " tag="042">
      <subfield code="a">dc</subfield>
   </datafield>
   <datafield ind2=" " ind1=" " tag="720">
      <subfield code="a">Mulder, Patrick P.J.</subfield>
      <subfield code="e">author</subfield>
   </datafield>
   <datafield ind2=" " ind1=" " tag="720">
      <subfield code="a">de Nijs, Monique</subfield>
      <subfield code="e">author</subfield>
   </datafield>
   <datafield ind2=" " ind1=" " tag="720">
      <subfield code="a">Castellari, Massimo</subfield>
      <subfield code="e">author</subfield>
   </datafield>
   <datafield ind2=" " ind1=" " tag="720">
      <subfield code="a">Hortós, Maria</subfield>
      <subfield code="e">author</subfield>
   </datafield>
   <datafield ind2=" " ind1=" " tag="720">
      <subfield code="a">MacDonald, Susan</subfield>
      <subfield code="e">author</subfield>
   </datafield>
   <datafield ind2=" " ind1=" " tag="720">
      <subfield code="a">Crews, Colin</subfield>
      <subfield code="e">author</subfield>
   </datafield>
   <datafield ind2=" " ind1=" " tag="720">
      <subfield code="a">Hajslova, Jana</subfield>
      <subfield code="e">author</subfield>
   </datafield>
   <datafield ind2=" " ind1=" " tag="720">
      <subfield code="a">Stranska, Milena</subfield>
      <subfield code="e">author</subfield>
   </datafield>
   <datafield ind2=" " ind1=" " tag="260">
      <subfield code="c">2016-12-08</subfield>
   </datafield>
   <datafield ind2=" " ind1=" " tag="520">
      <subfield code="a">A total of 1709 samples of plant-derived food products, mainly produced in Europe, were analysed for&#xd;
tropane alkaloids (TAs). The samples, of which 27.4% came from organic production, were collected&#xd;
from retail stores, between June 2015 and August 2016, in nine European countries (Czech Republic,&#xd;
France, Germany, Hungary, Italy, the Netherlands, Poland, Spain, the United Kingdom). Samples&#xd;
analysed for the presence of 24 TAs comprised 268 single component flours (buckwheat, millet,&#xd;
corn), 260 cereal-based foods for young children age 6-36 months (breakfast cereals, biscuits and&#xd;
other cereal-based foods), 219 breakfast cereals, 164 biscuits and pastry, 114 bread, 81 pasta, 121&#xd;
dry (herbal) teas, 78 legumes and stir-fry mixes. Samples analysed for six calystegines comprised 308&#xd;
potato, 90 aubergine and six bell peppers. All samples were analysed by liquid chromatography&#xd;
coupled to tandem mass spectrometry (LC-MS/MS). Two methods were developed and validated inhouse and were considered fit for purpose. The limits of quantification for the various food groups&#xd;
were, depending on the type of TA, 0.0067-0.0333 μg/L for tea infusion, 0.5-5 μg/kg in cereal-based&#xd;
products, herbal tea and vegetable products, and 1-2.5 mg/kg in potatoes and aubergines. One or&#xd;
more TAs were detected in 21.3% of single component flours, 20.0% of cereal-based foods for young&#xd;
children age 6-36 months, 6.8% of breakfast cereals, 14.6% of biscuits and pastry, 15.8% of bread,&#xd;
70.2% of dry (herbal) tea, 26.2% of legumes and stir-fry mixes, 100% of potatoes and 92.7% of&#xd;
aubergines. No TAs were detected in pasta. The highest mean TA concentration was detected in&#xd;
cereal-based meals for children (130.7 µg/kg), and the maximum TA concentration of was detected in&#xd;
a dry herbal tea sample (4357.6 µg/kg). Atropi ne and scopolamine were the most frequently&#xd;
detected TAs with a maximum sum concentration of 428.5 µg/kg in a dry herbal tea.</subfield>
   </datafield>
   <datafield ind1="8" ind2=" " tag="024">
      <subfield code="a">Mulder, Patrick P.J., Monique De Nijs, Massimo Castellari, Maria Hortos, Susan MacDonald, Colin Crews, Jana Hajslova, and Milena Stranska. 2016. “Occurrence of Tropane Alkaloids in Food.” EFSA Supporting Publications 13 (12): 1140E. doi: 10.2903/sp.efsa.2016.en-1140</subfield>
   </datafield>
   <datafield ind1="8" ind2=" " tag="024">
      <subfield code="a">2397-8325</subfield>
   </datafield>
   <datafield ind1="8" ind2=" " tag="024">
      <subfield code="a">http://hdl.handle.net/20.500.12327/4663</subfield>
   </datafield>
   <datafield ind1="8" ind2=" " tag="024">
      <subfield code="a">https://doi.org/10.2903/sp.efsa.2016.EN-1140</subfield>
   </datafield>
   <datafield ind2="0" ind1="0" tag="245">
      <subfield code="a">Occurrence of tropane alkaloids in food</subfield>
   </datafield>
</record></metadata></record></GetRecord></OAI-PMH>